| 000 | 00815nam a2200253 i 4500 | ||
|---|---|---|---|
| 001 | bg | ||
| 100 | 1 | _aPIEŃKOS, Jerzy. | |
| 245 | 1 | 0 |
_aFrancusko-polski leksykon = _bFrançais-polonais dictionnaire : prawo, ekonomia, handel = droit, économie, commerce / _cJerzy Pieńkos. |
| 260 |
_aWarszawa : _bZakamycze, _c2002. |
||
| 300 |
_a1236, [3] s. ; _c22 cm. |
||
| 650 | 9 | _aEkonomia polityczna | |
| 650 | 9 | _aHandel | |
| 650 | 9 | _aPrawo | |
| 650 | 9 | _aSłownik francusko-polski | |
| 655 | _aSłowniki | ||
| 020 | _a837333064X | ||
| 040 | _cBPK | ||
| 041 | 0 | _aplfr | |
| 080 | _a33+339.1/.5+34](038)=133.1=162.1 | ||
| 920 | _a83-7333-064-X | ||
| 942 | _cKS | ||
| 008 | s pl f |000 0 pol | ||
| 999 |
_c41017 _d41017 |
||
| 856 |
_uhttp://koha.tu.koszalin.pl/cgi-bin/koha/opac-detail.pl?biblionumber=41017 _yKatalog online BPK |
||